Electronics - Fundamentals & Applications ( DEPARTMENTAL ) (Record no. 1013)

MARC details
000 -LEADER
fixed length control field 00491nam a2200169Ia 4500
008 - FIXED-LENGTH DATA ELEMENTS--GENERAL INFORMATION
fixed length control field 221030s9999 xx 000 0 und d
020 ## - INTERNATIONAL STANDARD BOOK NUMBER
ISBN 8122412114
041 ## - LANGUAGE CODE
Language code of text/sound track or separate title
082 ## - DEWEY DECIMAL CLASSIFICATION NUMBER
Classification number 105.23
Item number Cha
100 ## - MAIN ENTRY--AUTHOR NAME
Personal name D. Chattopadhyay
245 #0 - TITLE STATEMENT
Title Electronics - Fundamentals & Applications ( DEPARTMENTAL )
Statement of responsibility, etc by D. Chattopadhyay, P. C. Rakshit
260 ## - PUBLICATION, DISTRIBUTION, ETC. (IMPRINT)
Name of publisher New Age International Pub.
Place of publication New Delhi
Year of publication 2000
300 ## - PHYSICAL DESCRIPTION
Number of Pages 524
650 ## - SUBJECT ADDED ENTRY--TOPICAL TERM
Topical Term ECE Departmental
700 ## - ADDED ENTRY--PERSONAL NAME
Personal name P. C. Rakshit
942 ## - ADDED ENTRY ELEMENTS (KOHA)
Koha item type Books
Holdings
Accession Number Cost, normal purchase price Full call number Price effective from Koha item type Withdrawn / writtenoff status Materials specified (bound volume or other part) Damaged status Not for loan Permanent Location Current Location Shelving location Date acquired Lost/ Missing status department
BE 1968 200.00 105.23 Cha 10/30/2022 Books   Print   Not For Loan MIET Library, Jammu MIET Library, Jammu BL-Departmental, FL-1, CUP-75, SH-6, R-6 09/22/2000   BE